Normal view
MARC view
- Fida,Nabiha
Entry Personal Name
001 - CONTROL NUMBER
- control field: 5260
003 - CONTROL NUMBER IDENTIFIER
- control field: NUST
005 - DATE AND TIME OF LATEST TRANSACTION
- control field: 20171004155830.0
008 - FIXED-LENGTH DATA ELEMENTS
- fixed length control field: 171004|| aca||aabn | a|a d
040 ## - CATALOGING SOURCE
- Original cataloging agency: NUST
- Transcribing agency: NUST
100 ## - HEADING--PERSONAL NAME
- Personal name: Fida,Nabiha
670 ## - SOURCE DATA FOUND
- Source citation: Work cat.: (NUST): Fida,Nabiha, Influence of perceived general parental support and parent career behaviour on career indecision, 2016
